| 000 | nam a22 a 4500 | ||
|---|---|---|---|
| 999 |
_c35117 _d35117 |
||
| 003 | BLK | ||
| 005 | 20221026152406.0 | ||
| 008 | 180408b bul|||||r ||||||| ||bul|| | ||
| 040 | _aBLK | ||
| 041 |
_aBUL _cBUL |
||
| 080 |
_aМикробиология. Вж и 663 _b579 _x(075.8) _z579(075.8) |
||
| 100 | 1 |
_aГущеров, Георги К. _eпърви автор _9274118 |
|
| 139 |
_aПрактикум по микробиология с вирусология _bП 84 |
||
| 245 | 1 | 0 |
_aПрактикум по микробиология с вирусология _bЗа студенти-биолози _cГеорги К. Гущеров. |
| 250 | _a2. доп. изд. | ||
| 257 | _aBGR | ||
| 260 |
_aСофия _bНаука и изкуство _c1977 _fВарна : Ст. Добрев-Странджата |
||
| 300 |
_a395 с. _bс ил., табл., диагр. _c22 см |
||
| 380 | _a5 | ||
| 500 | _aДруги авт. : Петър Андонов, Цони Тодоров, Любомир Коминков, Марийка Гинчева-Старчева. - 1. изд. 1970 с авт. Георги К. Гущеров, Цаню П. Тодоров, Любомир П. Коминков и загл. Практикум по микробиология. - 2 075 тир. | ||
| 650 | 4 |
_aМикробиология - учебници за ВУЗ _9242072 |
|
| 650 | 4 |
_aВирусология - учебници за ВУЗ _9150764 |
|
| 653 | _aучебници за ВУЗ | ||
| 852 | _aЦб 85265 | ||
| 856 | 4 |
_qpdf _i0.00 _ldisable |
|
| 856 | 4 |
_qpdf _i0.00 _ldisable |
|
| 942 |
_cKNG _n0 _01 _s1 |
||
| 944 |
_aCR _c04.01.2017 _kКина_Георгиева |
||
| 944 |
_aED _c04.01.2017 _kКина_Георгиева |
||
| 999 | _d35117 | ||